| 000 | 00622nam a22001817a 4500 | ||
|---|---|---|---|
| 005 | 20251108174935.0 | ||
| 008 | 250721s2005 xx 000 0 ara d | ||
| 082 | 1 | 4 | _a973.931/غري |
| 100 | 1 | _aغريفين، دافيد راي | |
| 245 | 1 | 0 | _aشبهات حول11/9 أسئلة مقلقة حول إدارة بوش و أحداث 11/9 / |
| 264 | 1 |
_aبيروت : _bالدار العربية للعلوم، _c2005. |
|
| 300 | _a326ص. | ||
| 650 | 1 | 7 | _aالولايات المتحدة |
| 653 | _aأحداث 11 سبتمبر 2001 | ||
| 653 | _aعهد جورج بوش (2001-2009) | ||
| 942 |
_2ddc _cBK |
||
| 999 |
_c122048 _d122048 |
||